[Event "Mashhad Ferdowsi op 6th"]
[Site "Mashhad"]
[Date "2016.01.29"]
[Round "1"]
[White "Gabuzyan, Hovhannes"]
[Black "Dehnavi, Mehrsa"]
[Result "1-0"]
[WhiteElo "2585"]
[BlackElo "1519"]
[PlyCount "53"]
[EventDate "2016.01.29"]
[EventType "swiss"]
[EventRounds "9"]
[EventCountry "IRI"]
[SourceTitle "CBM 170 Extra"]
[Source "ChessBase"]
[SourceDate "2016.02.25"]
[SourceVersion "1"]
[SourceVersionDate "2016.02.25"]
[SourceQuality "1"]

1. b3 e5 2. Bb2 Nc6 3. e3 Nf6 4. Bb5 d6 5. d4 exd4 6. exd4 Bd7 7. Nf3 d5 8. 0-0 Be7 9. Nc3 0-0 10. Ne5 Bd6 11. f4 a6 12. Be2 Ne7 13. Bf3 c6 14. g4 Bxe5 15. dxe5 Ne8 16. f5 Qb6+ 17. Kh1 Nc7 18. Qd2 Rfe8 19. Na4 Qa7 20. Bd4 Qb8 21. Nb6 Qd8 22. Nxa8 Qxa8 23. e6 fxe6 24. Qg5 Ng6 25. fxg6 hxg6 26. Qe5 Re7 27. Qxc7 1-0